Základné práva a povinnosti zamestnávateľa a zamestnanca u nás a v zahraničí.
Pohľad na právnu úpravu práv a povinností účastníkov pracovného procesu u nás a v zahraničí. Dispozičná právomoc zamestnávateľa. Charakteristika pracovného záväzku zamestnanca. Niektoré konkrétne povinnosti zamestnanca. Povinnosti zamestnávateľa.
Salvato in:
| Autore principale: | |
|---|---|
| Natura: | Capitolo di libro |
| Lingua: | slovacco |
| Soggetti: | |
| Tags: |
Nessun Tag, puoi essere il primo ad aggiungerne!!
|
MARC
| LEADER | 00000naa a2200000 4500 | ||
|---|---|---|---|
| 001 | r010802 | ||
| 005 | 20220831090628.3 | ||
| 041 | 0 | |a slo | |
| 044 | |a [CS] | ||
| 245 | 1 | 0 | |a Základné práva a povinnosti zamestnávateľa a zamestnanca u nás a v zahraničí. |c Helena Barancová |
| 520 | |a Pohľad na právnu úpravu práv a povinností účastníkov pracovného procesu u nás a v zahraničí. Dispozičná právomoc zamestnávateľa. Charakteristika pracovného záväzku zamestnanca. Niektoré konkrétne povinnosti zamestnanca. Povinnosti zamestnávateľa. | ||
| 610 | 2 | 0 | |a práva pracovníkov |
| 610 | 2 | 0 | |a povinnosti pracovníkov |
| 610 | 2 | 0 | |a zamestnávatelia |
| 610 | 2 | 0 | |a zamestnanci |
| 610 | 2 | 0 | |a predpisy právne |
| 610 | 2 | 0 | |a Slovensko |
| 610 | 2 | 0 | |a svet |
| 100 | 1 | |a Barancová, Helena | |